000
00259nam a22001217a 4500
020
_a
1-8464-6123-5
082
_a
823
_b
LAD/C
100
_a
LADY BIRD
245
_a
THE COSTUME BALL
260
_a
ENGLAND
_b
LADY BIRD
650
_a
ENGLISH SHORT STORY
942
_c
BK
999
_c
2062
_d
2062